Planum Seu modus operandi, qvi in colligendis Decisionibus Curialibus per Deputationem Assumptus est Anno 1769 . Die 24. Februarii ...

Kniha o rozličných druhoch tabulárnych procesov a právnych konaniach kráľovského fišku

Bibliographic Details
Format: Manuscript Book
Language:Latin
PhysicalDescription:10 nečíslovaných strán, 316 strán rukopis, viazaný 35 cm
Published: Posonii 1769
Subjects:

MARC

LEADER 00000ntmaa2200000 a 4500
001 vtls011991939
003 SK-MaSNL
005 20260301053820.0
008 230802s1769 xo || 000 1 lat
035 |a urn:nbn:sk:snk-tm00fisb 
035 |a urn:nbn:sk:snk-tm3n48r 
035 |a E388BE1A-B077-41DB-B017-A5D89691327F 
040 |a SNKLA  |b slo  |c SNKLA  |e AACR2 
041 0 |a lat 
044 |a xo  |c SK 
072 7 |a 027  |x Univerzálne knižnice. Verejné knižnice  |2 konspekt 
072 7 |a 343  |x Trestné právo  |2 konspekt 
080 |a 025.171  |2 2011 
080 |a 343.1  |2 2011 
080 |a (439.2)  |2 2011 
245 0 0 |a Planum Seu modus operandi, qvi in colligendis Decisionibus Curialibus per Deputationem Assumptus est Anno 1769 . Die 24. Februarii ... 
246 3 8 |a Planum Decisionum Curialium 
260 |a Posonii  |c 1769 
300 |a 10 nečíslovaných strán, 316 strán  |b rukopis, viazaný  |c 35 cm 
500 |a Vložený lístok s číslom 577 napísaným ceruzou 
520 2 |a Kniha o rozličných druhoch tabulárnych procesov a právnych konaniach kráľovského fišku 
555 0 |a Inventár rukopisov Archívu literatúry a umenia Matice slovenskej. Rukopisy historických knižníc na Slovensku II. Martin : Matica slovenská 1995 
561 |a Na prednej predsádke vlastnícky záznam: Ex Libris Caroli Eőrdőgh de Lászlófalva 1798 
650 0 7 |a súdne procesy  |2 SNKPH  |9 29433 
651 7 |a Uhorsko  |2 SNKPH  |9 28673 
655 7 |a rukopisy  |2 SNKPH  |9 70548 
700 1 |a Eördögh, Karol,  |d 18./19. storočie  |4 fmo  |9 364864 
752 |a Slovensko  |d Bratislava 
852 |a Slovenská národná knižnica  |b Literárny archív 
958 |a ZH 
958 |a LAVD 
999 |c 609331  |d 611261 
952 |a SNKLA  |b SNKLA  |c SNKLA_DEP  |y NEVYP  |7 0  |p 17A1229691  |o snkRHKS 2630  |0 0  |1 0  |4 0  |d 2020-09-11  |f 1  |l 0  |r 2026-02-23 16:19:01  |w 2026-02-23